000 00974nam a22003017a 4500
001 BR7310120
003 BR-BrBNA
005 20230928084149.0
007 ta
008 230509b bl.||||| |||| 00| 0 por d
040 _aBR-BrBNA
_bpor
_cBiblioteca Nacional de Agricultura
041 _a(Por)
072 _aE70
_b9320
090 _ 9320 BR7310120
110 1 _aAssociacao Internacional de Economistas Agricolas, Sao Paulo, SP (Brasil)
_9635
111 1 _a15. Congresso Internacional de Economistas Agricolas
_cSao Paulo, SP (Brazil)
_d20 Aug 1973
245 1 _aResumo de ensaios contribuidos para a sessao n. 1 [Acucar; Exportacao; Mercado internacional; Preco minimo]
260 3 _aSao Paulo, SP (Brasil):
_c1973.
300 _a10 p.
500 _aSummary only
650 _aComercializacao
650 _aAcucar
650 _aExportacao
650 _aMercado internacional
650 _aPreco minimo
909 _a202309
_bLucia
_c55
_dLucia Elande
942 _cBK
999 _c17237
_d17237